[Event "IECC O-2001"]
[Site "IECC email"]
[Date "2004.06.30"]
[Round "?"]
[White "Roderick, Rupert"]
[Black "Robertson, John"]
[Result "1-0"]
[WhiteElo "959"]
[BlackElo "916"]
[PlyCount "52"]
[EventDate "2004.??.??"]
[EventType "swiss (corr)"]
[EventRounds "2"]
[SourceTitle "Corr 2020"]
[Source "ChessBase"]
[SourceDate "2019.09.30"]
[SourceVersion "1"]
[SourceVersionDate "2019.09.30"]
[SourceQuality "1"]
[WhiteTeam "Australia"]
[BlackTeam "Australia"]
[WhiteTeamCountry "AUS"]
[BlackTeamCountry "AUS"]

1. e4 e5 2. Nf3 Nc6 3. Nc3 Nf6 4. Bc4 Bc5 5. Ng5 Rf8 6. Bxf7+ Rxf7 7. Nxf7 Kxf7 8. 0-0 Kg8 9. d3 h6 10. g4 g5 11. h4 gxh4 12. Bxh6 d6 13. Qd2 Nxg4 14. Bg5 Qf8 15. Bxh4 Nd4 16. Qg5+ Qg7 17. Qxg7+ Kxg7 18. Kg2 Nxc2 19. Rac1 Nb4 20. Bg3 Nxd3 21. Rc2 Be6 22. Nd5 Bxd5 23. exd5 Nb4 24. Rc4 Ne3+ 25. fxe3 Nxd5 26. Rg4+ Kh6 1-0

[Event "IECC M email"]
[Site "IECC email"]
[Date "2001.07.11"]
[Round "?"]
[White "Roderick, Rupert"]
[Black "Kneyber, Johan"]
[Result "1-0"]
[WhiteElo "984"]
[BlackElo "1016"]
[PlyCount "47"]
[EventDate "2001.??.??"]
[EventType "tourn (corr)"]
[EventRounds "6"]
[SourceTitle "Corr 2008"]
[Source "ChessBase"]
[SourceDate "2008.06.24"]
[SourceVersion "1"]
[SourceVersionDate "2008.06.24"]
[SourceQuality "1"]

1. e4 d5 2. exd5 Qxd5 3. Nc3 Qe5+ 4. Be2 Nc6 5. Nf3 Qf4 6. Nd5 Qf5 7. Nxc7+ Kd8 8. Nxa8 b6 9. Bd3 Qg4 10. g3 Bb7 11. Qe2 Bxa8 12. c3 Na5 13. Bb5 Bxf3 14. Qd3+ Kc8 15. 0-0 h5 16. Re1 h4 17. Bd7+ Qxd7 18. Qxf3 Rh6 19. g4 Qe8 20. d4 Re6 21. Bf4 Nc4 22. Qa8+ Kd7 23. Qb7+ Kd8 24. Qc7# 1-0